000 00494nam a22001931i 4500
001 9318
010 _a9788434500907
090 _a9318
100 _a20170304u u u0frey50 ba
101 0 _apor
200 1 _fRoser Capdevila
_aCleópatra
_eas três irmãs
210 _cSalvat
_d1999
215 _a[46] p.
_cil.
_d18 cm
225 2 _aA biblioteca de as três irmãs
_v15
610 0 _aLiteratura+infantil
675 _a82-93
_92040
700 1 _aCapdevila
_bRoser
_4440
801 _aPT
_gRPC
990 _cLIVROS